<?xml version='1.0' encoding='UTF-8'?>
  <record xmlns="http://www.loc.gov/MARC21/slim">
    <leader>00000cam a2200000 a 4500</leader>
    <controlfield tag="001">ocm07548952</controlfield>
    <controlfield tag="003">OCoLC</controlfield>
    <controlfield tag="005">20250726214848.8</controlfield>
    <controlfield tag="008">810702s1875    ne fi    d    000 0 fre d</controlfield>
    <datafield tag="040" ind1=" " ind2=" ">
      <subfield code="a">CSL</subfield>
      <subfield code="b">eng</subfield>
      <subfield code="c">CSL</subfield>
      <subfield code="d">OCLCQ</subfield>
      <subfield code="d">OCLCG</subfield>
      <subfield code="d">KRTAS</subfield>
      <subfield code="d">OCLCQ</subfield>
      <subfield code="d">OCLCF</subfield>
      <subfield code="d">OCLCQ</subfield>
      <subfield code="d">OCLCO</subfield>
      <subfield code="d">OCLCL</subfield>
      <subfield code="d">OCLCQ</subfield>
      <subfield code="d">OCLCL</subfield>
      <subfield code="d">OCLCQ</subfield>
      <subfield code="d">BRL</subfield>
      <subfield code="d">OCLCL</subfield>
    </datafield>
    <datafield tag="019" ind1=" " ind2=" ">
      <subfield code="a">1037429932</subfield>
      <subfield code="a">1181053290</subfield>
    </datafield>
    <datafield tag="029" ind1="1" ind2=" ">
      <subfield code="a">NLGGC</subfield>
      <subfield code="b">218030770</subfield>
    </datafield>
    <datafield tag="035" ind1=" " ind2=" ">
      <subfield code="a">(OCoLC)7548952</subfield>
      <subfield code="z">(OCoLC)1037429932</subfield>
      <subfield code="z">(OCoLC)1181053290</subfield>
    </datafield>
    <datafield tag="050" ind1=" " ind2="4">
      <subfield code="a">CR1179</subfield>
      <subfield code="b">.R5 1875</subfield>
    </datafield>
    <datafield tag="082" ind1="0" ind2="4">
      <subfield code="a">929.8</subfield>
      <subfield code="q">OCoLC</subfield>
      <subfield code="1">https://id.oclc.org/worldcat/ddc/E3RVkxf33G34XFvkRJBRTppGj8</subfield>
    </datafield>
    <datafield tag="100" ind1="1" ind2=" ">
      <subfield code="a">Rietstap, J. B.</subfield>
      <subfield code="q">(Johannes Baptist),</subfield>
      <subfield code="d">1828-1891.</subfield>
      <subfield code="1">https://id.oclc.org/worldcat/entity/E39PBJyMkVcbBQgtCh3WYRJMT3</subfield>
    </datafield>
    <datafield tag="245" ind1="1" ind2="0">
      <subfield code="a">Armorial général, contenant la description des armoiries des familles nobles et patriciennes de l'Europe :</subfield>
      <subfield code="b">précédé d'un Dictionnaire des termes du blason /</subfield>
      <subfield code="c">par J.B. Rietstap.</subfield>
    </datafield>
    <datafield tag="250" ind1=" " ind2=" ">
      <subfield code="a">Nouv. éd.</subfield>
    </datafield>
    <datafield tag="260" ind1=" " ind2=" ">
      <subfield code="a">Amsterdam :</subfield>
      <subfield code="b">G. Theod. Bom.,</subfield>
      <subfield code="c">1875.</subfield>
    </datafield>
    <datafield tag="300" ind1=" " ind2=" ">
      <subfield code="a">xxiv, 1171 pages, 5 leaves of plates :</subfield>
      <subfield code="b">coats of arms ;</subfield>
      <subfield code="c">24 cm</subfield>
    </datafield>
    <datafield tag="336" ind1=" " ind2=" ">
      <subfield code="a">text</subfield>
      <subfield code="b">txt</subfield>
      <subfield code="2">rdacontent</subfield>
    </datafield>
    <datafield tag="337" ind1=" " ind2=" ">
      <subfield code="a">unmediated</subfield>
      <subfield code="b">n</subfield>
      <subfield code="2">rdamedia</subfield>
    </datafield>
    <datafield tag="338" ind1=" " ind2=" ">
      <subfield code="a">volume</subfield>
      <subfield code="b">nc</subfield>
      <subfield code="2">rdacarrier</subfield>
    </datafield>
    <datafield tag="505" ind1="0" ind2=" ">
      <subfield code="a">[I] A-K -- [II] L-Z Additions et corrections.</subfield>
    </datafield>
    <datafield tag="650" ind1=" " ind2="0">
      <subfield code="a">Heraldry</subfield>
      <subfield code="v">Dictionaries.</subfield>
    </datafield>
    <datafield tag="650" ind1=" " ind2="7">
      <subfield code="a">Heraldry.</subfield>
      <subfield code="2">fast</subfield>
      <subfield code="0">(OCoLC)fst00955273</subfield>
    </datafield>
    <datafield tag="655" ind1=" " ind2="7">
      <subfield code="a">Dictionaries.</subfield>
      <subfield code="2">fast</subfield>
      <subfield code="0">(OCoLC)fst01423826</subfield>
    </datafield>
    <datafield tag="776" ind1="0" ind2="8">
      <subfield code="i">Online version:</subfield>
      <subfield code="a">Rietstap, J. B. (Johannes Baptist), 1828-1891.</subfield>
      <subfield code="t">Armorial général, contenant la description des armoiries des familles nobles et patriciennes de l'Europe.</subfield>
      <subfield code="b">Nouv. éd.</subfield>
      <subfield code="d">Amsterdam : G. Theod. Bom., 1875</subfield>
      <subfield code="w">(OCoLC)1446111198</subfield>
    </datafield>
    <datafield tag="938" ind1=" " ind2=" ">
      <subfield code="a">Kirtas Technologies, Inc.</subfield>
      <subfield code="b">KRTS</subfield>
      <subfield code="n">180934</subfield>
    </datafield>
  </record>